| 000 | 00933nam a22002417a 4500 | ||
|---|---|---|---|
| 999 |
_c5632 _d5632 |
||
| 003 | OSt | ||
| 005 | 20251010142428.0 | ||
| 008 | 251010b ||||| |||| 00| 0 eng d | ||
| 020 |
_a9781409591528 _qbook set |
||
| 040 | _cKH8 | ||
| 082 | _aFIC MAC | ||
| 100 |
_aMackinnon, Mairi, _eauthor. |
||
| 245 |
_aThe Boy Who Cried Wolf / _cretold by Mairi Mackinnon ; illustrated by Mike and Carl Gordon. |
||
| 260 |
_aEngland ; _bUsborne Publishing Ltd , _c2008. |
||
| 300 |
_a48 pages : _bcolor illustrations ; _c20 cm. |
||
| 490 |
_aUsborne First Reading _vlevel three |
||
| 520 | _aEvery day, Sam takes the same old sheep up the same old mountain. What can he do to make life a little more exciting? Find out in this lively retelling of the classic story by Aesop. | ||
| 650 |
_aEasy reading _vfiction |
||
| 650 |
_aStory book _vfiction |
||
| 700 |
_aGordon, Carl, _eillustrator. |
||
| 830 | _aUsborne First Reading | ||
| 942 |
_2ddc _cFIC |
||